Culture Générale - Série 833 - Statistiques

Statistiques générales
  • Ce quiz a été pris 134 fois
  • Le résultat moyen est 5 sur 10
Statistiques - réponses
Question Réponse % Correct
Selon l'expression, de quoi est faite la lune des jeunes mariés ? de miel
98%
Quel État des États-Unis est représenté par les lettres "AL" ? Alabama
89%
Quelle partie du visage peut être en galoche ? menton
80%
Que combat un médicament fébrifuge ? fièvre
61%
Selon les paroles de la chanson "Zoubida", interprétée par Vincent Lagaf', sur quel deux-roues "doré" Moqtar arrive-t-il ? scooter
45%
Quel terme définit les souffrances endurées par Jésus, depuis son arrestation jusqu'à sa mort ? La passion
30%
Sur quelle île bretonne peut-on manger une crêpe à Sauzon et admirer le phare des Poulains ? Belle-Ile-en-Mer
29%
Quel mot désignait autrefois la ration de nourriture, généralement d'avoine, donnée à un cheval ? picotin
20%
Le sigle VRP signifie : Voyageur Représentant... Placier
20%
Qui est l'auteur du roman autobiographique "Au nom de tous les miens" ? Martin Gray
12%
Aucun quiz correspondant
Distribution des résultats
% des personnes avec chaque résultat
Percentile par nombre de réponses
Votre historique - résultats
Vous n’avez pas pris ce quiz